Public personnel management : readings in contexts and strategies /

Bibliographic Details
Other Authors: Klingner, Donald E.
Format: Book
Language:English
Published: Palo Alto, Calif. : [Washington, D.C.] : Mayfield Pub. Co. ; International Personnel Management Association, 1981.
Edition:1st ed.
Subjects:

MARC

Tag First Indicator Second Indicator Subfields
LEADER 00000cam a2200000 a 4500
001 in00000071329
005 20151008062152.0
008 810721s1981 caua b 00100 eng
010 |a  80084019  
020 |a 0874845173 (pbk.) 
035 |a (OCoLC)07380293 
035 |9 AAJ9659AM 
039 0 |a 2  |b 3  |c 3  |d 3  |e 3 
040 |a DLC  |c DLC  |d TXA  |d UtOrBLW 
043 |a n-us--- 
049 |a TXAM  |c [1421947] 
050 0 0 |a JF1601  |b .P876 
082 0 |a 350.1  |2 19 
245 0 0 |a Public personnel management :  |b readings in contexts and strategies /  |c [edited by] Donald E. Klingner. 
250 |a 1st ed. 
264 1 |a Palo Alto, Calif. :  |b Mayfield Pub. Co. ;  |a [Washington, D.C.] :  |b International Personnel Management Association,  |c 1981. 
300 |a xv, 422 pages :  |b illustrations ;  |c 23 cm. 
336 |a text  |b txt  |2 rdacontent 
337 |a unmediated  |b n  |2 rdamedia 
338 |a volume  |b nc  |2 rdacarrier 
504 |a Includes bibliographical references and index. 
536 |a Dr. Paul P. Van Riper Collection, Department of Political Science, 1998. 
650 0 |a Civil service  |x Personnel management. 
650 0 |a Civil service  |z United States  |x Personnel management. 
650 0 |a Personnel management. 
650 0 |a Public administration. 
700 1 |a Klingner, Donald E. 
999 |a MARS 
999 f f |s 35d1baa6-67f5-31f1-b8c8-7134457ce218  |i 1090fe47-d713-3346-86f1-10615d68f558  |t 0 
952 f f |p ric  |a Texas A&M University  |b Rellis Campus  |c Joint Library Facility  |d Remote Storage  |t 0  |e JF1601 .P876  |h Library of Congress classification  |i unmediated -- volume  |m A14806150321 
998 f f |a JF1601 .P876  |t 0  |l Remote Storage